MARC

Tag First Indicator Second Indicator Subfields
LEADER 00000cam a2200000 a 4500
001 in00001019721
005 20150928092429.0
008 900119s1990 nsc b 00010 eng c
010 |a cn 90097547  
015 |a C90-97547-4 
020 |a 0886450993 :  |c $19.95 
035 |a (OCoLC)21164908 
035 |9 AFE9204AM 
040 |a CaNSHD  |b eng  |c NLC  |d UtOrBLW 
041 0 |a eng  |b fre 
043 |a n-cn--- 
049 |a TXAM 
055 0 |a JL108  |b K473 1990 
082 0 |a 172/.2  |2 20 
090 |a JL108  |b K47 1990 
100 1 |a Kernaghan, Kenneth,  |d 1940- 
245 1 4 |a The responsible public servant /  |c by Kenneth Kernaghan and John W. Langford. 
264 1 |a Halifax, N.S. :  |b Institute for Research on Public Policy = Institut de recherches politiques,  |c [1990] 
264 4 |c ©1990 
300 |a xx, 220 pages ;  |c 23 cm. 
336 |a text  |b txt  |2 rdacontent 
337 |a unmediated  |b n  |2 rdamedia 
338 |a volume  |b nc  |2 rdacarrier 
500 |a Prefatory material in English and French. 
500 |a Co-published by the Institute of Public Administration of Canada. 
504 |a Includes bibliographical references. 
651 0 |a Canada  |x Officials and employees  |x Professional ethics. 
650 0 |a Civil service ethics  |z Canada. 
650 0 |a Public administration  |x Moral and ethical aspects. 
650 0 |a Public administration  |z Canada. 
651 6 |a Canada  |x Fonctionnaires  |x Déontologie. 
650 6 |a Fonctionnaires  |x Déontologie  |z Canada. 
650 6 |a Administration publique  |x Aspect moral. 
651 6 |a Canada  |x Administration. 
700 1 |a Langford, John W. 
710 2 |a Institute for Research on Public Policy. 
710 2 |a Institute of Public Administration of Canada. 
999 |a MARS 
999 f f |s f8dfae22-c882-3e55-9681-4be389773921  |i 9602c07a-79e4-34b6-9baa-ae4f173087e3  |t 0 
952 f f |p ric  |a Texas A&M University  |b Rellis Campus  |c Joint Library Facility  |d Remote Storage  |t 0  |e JL 108 K47 1990  |h Library of Congress classification  |i unmediated -- volume  |m A14814399418 
998 f f |a JL 108 K47 1990  |t 0  |l Remote Storage